00305nam a22001097a 4500082002600000100001600026245006400042260003400106300001000140526003700150650000800187 a621.56bINScL-8, P-5 aHall, J & E aInstruction book for mobile refrigerating plantcJ & E Hall aEnglandbJ & E Hall Ltdc1785 a21.p: a0b0c0d621_560000000000000_INS aMCE